000
00233nam a2200097Ia 4500
001
712972
005
20250826162837.0
008
250824s9999 xx 000 0 und d
245
0
_a
ŞİFACI
_c
MARINA FIORATO
260
_b
ARKADYA YAYINLARI
999
_c
712972
_d
712972